NFL Minnesota Vikings 2022-2023 Active Roster - Statistics

General Stats
  • This quiz has been taken 682 times
  • The average score is 17 of 57
Answer Stats
Hint Answer % Correct
QB Kirk Cousins
99%
WR Justin Jefferson
96%
RB Dalvin Cook
94%
WR Adam Thielen
87%
RB Alexander Mattison
78%
SS Harrison Smith
73%
TE Irv Smith Jr.
73%
LB Za'Darius Smith
72%
FB C,J. Ham
70%
LB Danielle Hunter
56%
QB Nick Mullens
56%
CB Patrick Peterson
50%
LB Eric Kendricks
44%
K Greg Joseph
42%
RB Ty Chandler
40%
C Garrett Bradbury
36%
WR Jalen Reagor
36%
RB Kene Nwangwu
34%
WR Jalen Nailor
29%
TE Johnny Mundt
29%
P Ryan Wright
28%
FS Camryn Bynum
27%
FS Lewis Cine
27%
WR Bisi Johnson
25%
T Brian O'Neill
25%
CB Cameron Dantzler Sr.
24%
G Ezra Cleveland
24%
CB Andrew Booth Jr.
23%
NT Harrison Phillips
23%
G Ed Ingram
22%
LB Jordan Hicks
22%
DE Dalvin Tomlinson
21%
LB Patrick Jones II
21%
WR K.J. Osbourn
20%
CB Akayleb Evans
16%
LS Andrew DePaola
15%
SS Josh Metellus
15%
LB D.J. Wonnum
14%
T Olisaemeka Udoh
14%
LB Brian Asamoah II
11%
CB Chandon Sullivan
10%
LB Troy Dye
10%
T Blake Brandel
9%
DE James Lynch
8%
CB Kris Boyd
8%
TE Ben Ellefson
7%
G Chris Reed
7%
DE Jonathan Bullard
6%
C Austin Schlottmann
5%
WR Blake Proehl
5%
DE Ross Blacklock
4%
T Vederian Lowe
4%
DE Esezi Otomewo
2%
T Christian Darrislaw
1%
DE Kenny Willekes
1%
LB Ryan Connelly
1%
WR Thomas Hennigan
1%
No matching quizzes found
Score Distribution
Percent of People with Each Score
Percentile by Number Answered
Your Score History
You have not taken this quiz